The basics of print production
Αποθηκεύτηκε σε:
| Κύριος συγγραφέας: | |
|---|---|
| Μορφή: | Βιβλίο |
| Γλώσσα: | English |
| Δημοσίευση: |
Pittsburgh :
PIA/GATF Press,
c2002
|
| Θέματα: | |
| Ετικέτες: |
Προσθήκη ετικέτας
Δεν υπάρχουν, Καταχωρήστε ετικέτα πρώτοι!
|
MARC
| LEADER | 00000nam a2200000 i 4500 | ||
|---|---|---|---|
| 001 | 1/36070 | ||
| 008 | 061025s2002 eng d | ||
| 020 | |a 0-88362-333-1 | ||
| 035 | |l 10085720 | ||
| 040 | |a GR-MY-UA |b gre |e aacr | ||
| 041 | 0 | |a eng | |
| 082 | 0 | |a 686.2 |2 (22) | |
| 100 | 1 | |a Hardesty, Mary. | |
| 245 | 1 | 4 | |a The basics of print production / |c Mary Hardesty |
| 260 | |a Pittsburgh : |b PIA/GATF Press, |c c2002 | ||
| 300 | |a ix, 150 σ.; |b εικ. (μερ. έγχρ.); |c 23 εκ. | ||
| 504 | |a Ευρετήριο | ||
| 650 | 0 | 0 | |a Printing |x Handbooks, manuals, etc. |
| 650 | 0 | 0 | |a Printing industry |x Handbooks, manuals, etc. |
| 852 | |a INST |b SYROS |e 20061025 |h 686.2 HAR |p 005500007203 |q 005500007203 |t BK |y 0 | ||
| 901 | |a BIBL5-2007-2 | ||
| 909 | |a Ε |b 129566 | ||
| 922 | |a 5ΕΛΗ |b 200610 |c ΒΙΒΛΙΟΘΗΚΗ ΣΥΡΟΥ |d ΜΙΧΑΛΟΠΟΥΛΟΣ | ||
| 950 | |a 188-2006-09-18 | ||
| 970 | |a ΚΟΝΤΟΥ |b ΠΑΡΑΣΚΕΥΗ |z 2007/09/04 | ||